000 00371nam a2200133 i 4500
001 76422
003 ES-MaACL
007 t|
008 041001s1908 sp ||||1| spa d
245 0 0 _aGuía diplomática y consular de España
_b: año 1908.
260 _aMadrid :
_b[s.n.,
_c1908] (
_fImp. Ministerio de Estado)
300 _a1 v. ;
_c24 cm.
852 _aES-MaACL
_jG-6282
999 _c76422
_d76422